000 00789nam a2200265 a 4500
999 _c2748
_d2748
006 a||||go||d| 00| 0
007 cr |||||||||||
008 910220s1990 enka o 001 0 eng d
020 _a9780434906062
_c(ebook)
040 _aKO
_beng
044 _aenk
082 0 0 _a623.8722076
_220
100 1 _aFlanagan, G. T. H.
_q(George Terence Holford)
245 1 0 _aMarine boilers /
_cG.T.H. Flanagan.
250 _a3rd ed.
260 _aJordan Hill, Oxford :
_bHeinemann Newnes,
_c1990.
300 _a1 online resource
440 0 _aMarine engineering series
500 _aIncludes index.
650 0 _aSteam-boilers, Marine
_xExaminations, questions, etc.
856 4 0 _uhttps://www.sciencedirect.com/science/book/9780434906062
904 _aA_BOSE
942 _cEB